000 00530cam a2200169 4500500
005 20251012023104.0
041 _afre
042 _adc
100 1 0 _aSadek, Menaouer
_eauthor
700 1 0 _a Boriceanu, Oana
_eauthor
700 1 0 _a Bourgeois, Didier
_eauthor
245 0 0 _aL’architecture symptôme en Psychiatrie
260 _c2005.
500 _a61
786 0 _nPsy Cause | º39 | 1 | 2005-01-01 | p. 32-35 | 1245-2394
856 4 1 _uhttps://shs.cairn.info/revue-psy-cause-2005-1-page-32?lang=fr&redirect-ssocas=7080
999 _c1541180
_d1541180